Ustanovenie do funkcie konateľa a vznik funkcie konateľa v spoločnosti s ručením obmedzeným

Ustanovenie do funkcie a vznik funkcie prvých konateľov. Ustanovenie do funkcie a vznik funkcie konateľov počas existencie spoločnosti.

Guardado en:
Detalles Bibliográficos
Autor principal: Kajba, Jakub
Formato: Capítulo de libro
Lenguaje:eslovaco
Materias:
Etiquetas: Agregar Etiqueta
Sin Etiquetas, Sea el primero en etiquetar este registro!

MARC

LEADER 00000naa$a2200000$$$4500
001 0086047
005 20231120082745.6
041 0 |a slo 
044 |a SK 
245 1 0 |a Ustanovenie do funkcie konateľa a vznik funkcie konateľa v spoločnosti s ručením obmedzeným  |c Jakub Kajba 
520 |a Ustanovenie do funkcie a vznik funkcie prvých konateľov. Ustanovenie do funkcie a vznik funkcie konateľov počas existencie spoločnosti. 
610 2 0 |a spoločnosti s r.o. 
610 2 0 |a konatelia 
100 1 |a Kajba, Jakub